<?xml version="1.0" encoding="UTF-8"?><?xml-stylesheet type="text/xsl" href="static/style.xsl"?><OAI-PMH xmlns="http://www.openarchives.org/OAI/2.0/" xmlns:xsi="http://www.w3.org/2001/XMLSchema-instance" xsi:schemaLocation="http://www.openarchives.org/OAI/2.0/ http://www.openarchives.org/OAI/2.0/OAI-PMH.xsd"><responseDate>2026-04-17T16:00:01Z</responseDate><request verb="GetRecord" identifier="oai:www.recercat.cat:2445/118805" metadataPrefix="marc">https://recercat.cat/oai/request</request><GetRecord><record><header><identifier>oai:recercat.cat:2445/118805</identifier><datestamp>2025-12-05T21:23:53Z</datestamp><setSpec>com_2072_1057</setSpec><setSpec>col_2072_478797</setSpec><setSpec>col_2072_478917</setSpec></header><metadata><record xmlns="http://www.loc.gov/MARC21/slim" xmlns:dcterms="http://purl.org/dc/terms/" xmlns:xsi="http://www.w3.org/2001/XMLSchema-instance" xmlns:doc="http://www.lyncode.com/xoai" xsi:schemaLocation="http://www.loc.gov/MARC21/slim http://www.loc.gov/standards/marcxml/schema/MARC21slim.xsd">
   <leader>00925njm 22002777a 4500</leader>
   <datafield ind2=" " ind1=" " tag="042">
      <subfield code="a">dc</subfield>
   </datafield>
   <datafield ind2=" " ind1=" " tag="720">
      <subfield code="a">Expósito, Enriqueta</subfield>
      <subfield code="e">author</subfield>
   </datafield>
   <datafield ind2=" " ind1=" " tag="260">
      <subfield code="c">2017-12-19T09:34:59Z</subfield>
   </datafield>
   <datafield ind2=" " ind1=" " tag="260">
      <subfield code="c">2017-12-19T09:34:59Z</subfield>
   </datafield>
   <datafield ind2=" " ind1=" " tag="260">
      <subfield code="c">2017-12</subfield>
   </datafield>
   <datafield ind2=" " ind1=" " tag="260">
      <subfield code="c">2017-12-19T09:34:59Z</subfield>
   </datafield>
   <datafield ind2=" " ind1=" " tag="520">
      <subfield code="a">[spa] La función tutorial que se desempeña en las universidades es una tarea que, en general y por distintas razones, provoca recelos entre el profesorado. Dudas que se incrementan cuando esta acción de asesoramiento y orientación se estudiantes que presentan necesidades especiales. Su desempeño es, no obstante, absolutamente necesario para hacer posible la integración de este tipo de alumnado, optimizar su rendimiento y favorecer su integración en el mundo profesional. Se ha recorrido mucho camino, pero todavía hay carencias y muchos aspectos a mejorar como el refuerzo del papel del tutor o los mecanismos de coordinación entre los distintos servicios implicados.</subfield>
   </datafield>
   <datafield ind2=" " ind1=" " tag="520">
      <subfield code="a">[eng] The university tutorial action has acquired a prominent role in the field of the higher education. Consequently, university community’s functions have deeply changed. In this (new) context, the university teaching staff must guide the students in shaping their educational and professional projects. But insufficient training, lack of means and a clear lack of incentives, problematize the exercise of the functions inherent to university tutoring, even more in the case of the counseling of people with special needs associated with the disability. Attitudinal barriers are raised and strengthened in these cases, requiring a close collaboration between all the agents involved to achieve the goals of an inclusive education.</subfield>
   </datafield>
   <datafield tag="653" ind2=" " ind1=" ">
      <subfield code="a">Tutoria (Ensenyament)</subfield>
   </datafield>
   <datafield tag="653" ind2=" " ind1=" ">
      <subfield code="a">Estudiants</subfield>
   </datafield>
   <datafield tag="653" ind2=" " ind1=" ">
      <subfield code="a">Necessitats educatives especials</subfield>
   </datafield>
   <datafield tag="653" ind2=" " ind1=" ">
      <subfield code="a">Educació superior</subfield>
   </datafield>
   <datafield tag="653" ind2=" " ind1=" ">
      <subfield code="a">Universitat de Barcelona. Facultat de Dret</subfield>
   </datafield>
   <datafield tag="653" ind2=" " ind1=" ">
      <subfield code="a">Tutoring (Teaching)</subfield>
   </datafield>
   <datafield tag="653" ind2=" " ind1=" ">
      <subfield code="a">Students</subfield>
   </datafield>
   <datafield tag="653" ind2=" " ind1=" ">
      <subfield code="a">Special education</subfield>
   </datafield>
   <datafield tag="653" ind2=" " ind1=" ">
      <subfield code="a">Higher education</subfield>
   </datafield>
   <datafield ind2="0" ind1="0" tag="245">
      <subfield code="a">La acción tutorial para estudiantes con necesidades especiales: el camino hacia una Universidad inclusiva. La experiencia de la Universidad de Barcelona</subfield>
   </datafield>
</record></metadata></record></GetRecord></OAI-PMH>